Wastewater treatment : (Record no. 22972)

MARC details
000 -LEADER
fixed length control field 01722cam a22003135i 4500
003 - CONTROL NUMBER IDENTIFIER
control field EG-ScBUE
005 - DATE AND TIME OF LATEST TRANSACTION
control field 20251209094954.0
008 - FIXED-LENGTH DATA ELEMENTS--GENERAL INFORMATION
fixed length control field 161101t2015 flua f b 001 0 eng d
020 ## - INTERNATIONAL STANDARD BOOK NUMBER
International Standard Book Number 9781482243178
040 ## - CATALOGING SOURCE
Original cataloging agency EG-ScBUE
Language of cataloging eng
Description conventions rda
Modifying agency EG-ScBUE
Transcribing agency EG-ScBUE
082 04 - DEWEY DECIMAL CLASSIFICATION NUMBER
Classification number 547.61
Edition number 22
Item number WAS
245 00 - TITLE STATEMENT
Title Wastewater treatment :
Remainder of title occurrence and fate of polycyclic aromatic hydrocarbons (PAHs) /
Statement of responsibility, etc edited by Amy J. Forsgren.
264 #1 - PUBLICATION, DISTRIBUTION, ETC. (IMPRINT)
Place of publication, distribution, etc Boca Raton :
Name of publisher, distributor, etc CRC Press / Taylor & Francis Group,
Date of publication, distribution, etc [2015]
264 #4 - PUBLICATION, DISTRIBUTION, ETC. (IMPRINT)
Date of publication, distribution, etc c2015
300 ## - PHYSICAL DESCRIPTION
Extent xiii, 246 pages :
Other physical details illustrations ;
Dimensions 24 cm.
336 ## - CONTENT TYPE
Source rdacontent
Content type term text
Content type code txt
337 ## - MEDIA TYPE
Media type term unmediated
Source rdamedia
Media type code n
338 ## - CARRIER TYPE
Carrier type term volume
Carrier type code nc
Source rdacarrier
490 0# - SERIES STATEMENT
Series statement Advances in water and wastewater transport and treatment ;
Volume number/sequential designation 2
504 ## - BIBLIOGRAPHY, ETC. NOTE
Bibliography, etc Includes bibliographical references and index.<br/>
505 0# - FORMATTED CONTENTS NOTE
Formatted contents note Pahs in natural waters -- Quantitative changes of PAHs in water and wastewater during treamtnet processes -- Polycylic aromatic hydrocarbons in water resources ane environemntal matrices in Tunisia -- Occurrence, removal and fate of plycylic aromica hydrocarbons -- Occurrence, fate, and removal of PAHs and VOCs in WWTPS using activated sludege processes and membrane -- Bioreactors -- Pahs in wastewater and removal efficial in conventional wastewater treatment plants -- PAHs in wastewater during dry and wet weather -- In situ PAHs sensors -- PAHs in sewage sludge, soils and sediments.
590 ## - LOCAL NOTE (RLIN)
Local note shima
650 #7 - SUBJECT ADDED ENTRY--TOPICAL TERM
Topical term or geographic name as entry element Sewage
General subdivision Purification
-- Organic compounds removal.
Source of heading or term BUEsh
650 #7 - SUBJECT ADDED ENTRY--TOPICAL TERM
Topical term or geographic name as entry element Polycyclic compounds
General subdivision Environmental aspects.
Source of heading or term BUEsh
653 ## - INDEX TERM--UNCONTROLLED
Resource For college Engineering, General
Arrived date list November2016
655 ## - INDEX TERM--GENRE/FORM
Form subdivision Reading book
700 1# - ADDED ENTRY--PERSONAL NAME
Personal name Forsgren, Amy,
Relator term editor.
942 ## - ADDED ENTRY ELEMENTS (KOHA)
Source of classification or shelving scheme Dewey Decimal Classification
Koha item type Book - Borrowing
Holdings
Withdrawn status Lost status Source of classification or shelving scheme Damaged status Not for loan Collection code Home library Current library Shelving location Date acquired Source of acquisition Cost, normal purchase price Serial Enumeration / chronology Total Checkouts Full call number Barcode Date last seen Cost, replacement price Koha item type
    Dewey Decimal Classification     Baccah Central Library Central Library First floor 01/11/2016 Purchase 1485.00 25843   547.61 WAS 000045199 15/07/2025 1856.25 Book - Borrowing